Personnages DreamWorks de A a Z par images - Statistiques

Statistiques générales
  • Ce quiz a été pris 120 fois
    97 depuis la dernière actualisation
  • Le résultat moyen est 10 sur 24
Statistiques - réponses
Par images Hint Réponse % Correct
F Fiona
98%
S Shrek
96%
C Le Chat Potté
94%
A Alex
87%
P Po
87%
T Turbo
87%
K Krokmou
82%
H Harold
78%
W Wallace
62%
J Jack Frost
59%
Z Z
29%
M Metro-MAn
28%
B Branch
24%
R Ruby Gillman
21%
O Oh
18%
G Ginger
16%
V Valka
16%
E Eep
15%
D Darius Bowman
11%
N Nounou
10%
I Insectosaurus
9%
L Li Shan
7%
Y Yasmina Fadoula
7%
U Ugga
5%
Aucun quiz correspondant
Distribution des résultats
% des personnes avec chaque résultat
Percentile par nombre de réponses
Votre historique - résultats
Vous n’avez pas pris ce quiz depuis la dernière actualisation